| 000 | 00760cam a2200229 a 4500 | ||
|---|---|---|---|
| 001 | 000001592 | ||
| 005 | 20200929145629.0 | ||
| 008 | 840830s1968 sp 000 0 spa | ||
| 040 |
_aDO-SdBNP _bspa _cBNPHU |
||
| 082 |
_a922.244 _bW673t, 1968 |
||
| 100 | 1 |
_aWildiers, N. M., _d1881 - 1955 _95221 |
|
| 240 | 1 | 0 |
_aTeilhard de Chardin. _lEspañol |
| 245 | 1 | 0 |
_aTeilhard de Chardin / _cN. M. Wildiers; traducción Juan Bris. |
| 250 | _a4a ed. | ||
| 260 |
_aBarcelona : _bFontanella, _c1968. |
||
| 300 |
_a187 p. ; _c17 cm. |
||
| 490 | 1 |
_aTestigos del Siglo XX _v4 |
|
| 534 |
_aTítulo original: _tTeilhard de Chardin. |
||
| 600 | 1 | 4 |
_aTEILHARD DE CHARDIN, PIERRE _d1881 - 1955 _95222 |
| 700 | 1 |
_aBris, Juan, _etr. _95223 |
|
| 830 | 0 |
_aTestigos del Siglo XX ; _v4 _95224 |
|
| 999 |
_c1487 _d1487 |
||